logo

Bir Sreshtho Munshi Abdur Rouf Library
Jhenaidah Cadet College

E-commerce management : (Record no. 14274)

MARC details
000 -LEADER
fixed length control field 00803cam a22002654a 4500
001 - CONTROL NUMBER
JCCL Control Number 14274
003 - CONTROL NUMBER IDENTIFIER
JCCL marc code BD-JhCC
005 - DATE AND TIME OF LATEST TRANSACTION
control field 20250226093034.0
008 - FIXED-LENGTH DATA ELEMENTS--GENERAL INFORMATION
fixed length control field 020410s2003 ohua b 001 0 eng
020 ## - INTERNATIONAL STANDARD BOOK NUMBER
International Standard Book Number 0324152523 (pbk.)
035 ## - SYSTEM CONTROL NUMBER
system control number (BD-JhCC)14274
040 ## - CATALOGING SOURCE
Original cataloging agency DLC
Transcribing agency DLC
Modifying agency DLC
041 ## - LANGUAGE CODE
Language code of Book english
050 00 - LIBRARY OF CONGRESS CALL NUMBER
Classification number HF5548.32
Item number .K75 2003
082 00 - DEWEY DECIMAL CLASSIFICATION NUMBER
Classification number 658.84
DDC Edition number 21
Author mark and Year SAN 2003
100 1# - MAIN ENTRY--PERSONAL NAME
Personal name Krishnamurthy, Sandeep,
245 10 - TITLE STATEMENT
Title E-commerce management :
Remainder of title text and cases /
Statement of responsibility, etc Sandeep Krishnamurthy.
260 ## - PUBLICATION, DISTRIBUTION, ETC. (IMPRINT)
Place of publication, distribution, etc Mason, Ohio :
Name of publisher, distributor, etc Thomson/South-Western,
Date of publication, distribution, etc 2003.
300 ## - PHYSICAL DESCRIPTION
Pagination xxx, 445 p. :
Other physical details ill. ;
Dimensions 23 cm.
504 ## - BIBLIOGRAPHY, ETC. NOTE
Bibliography, etc Includes bibliographical references and index.
650 #0 - SUBJECT ADDED ENTRY--TOPICAL TERM
Topical term or geographic name as entry element Electronic commerce
General subdivision Management.
650 #0 - SUBJECT ADDED ENTRY--TOPICAL TERM
Topical term or geographic name as entry element Electronic commerce
Form subdivision Case studies.
942 ## - ADDED ENTRY ELEMENTS (KOHA)
Source of classification or shelving scheme Dewey Decimal Classification
Koha item type Books
Holdings
Source of classification or shelving scheme Damaged status Not for loan Home library Current library Shelving location Date of accession Source of acquisition Total Checkouts Full call number Barcode Date last seen Date checked out Copy number Method of acquisition Koha item type Currency
Dewey Decimal Classification     JCC Rouf Library JCC Rouf Library General Stacks   With the compliments of Shahriar Imtiaz Rahman,27/1483/K 1 658.84 SAN 2003 19870 04/17/2025 04/07/2025 C-1 Gift/Donation Books BDT

JCC Library | Contacts | JCC Home

Last Update on 23 September 2017
Copyright @ 2017-2020 JCC Rouf Library
Rouf Library, Jhenidah Cadet College (JCC), Bangladesh